000 00615nam a2200265Ia 4500
005 20260306163500.0
008 008 260114s9999 xx 000 0 eng d
020 _a9780252055256
037 _aEBOOK
040 _aCRL
040 _beng
040 _cCRL
041 _2eng
041 _aeng
084 _qCRL
100 _aRenihan
_91128722
245 0 _aSound Pedagogy: Radical Care In Music
260 _bUniversity of Illinois Press
260 _c2024
650 _aMusic
856 _uhttps://academic.oup.com/book/58420
942 _cEBOOK
999 _c1710276
_d1710276